000
00226nam a22000857a 4500
008
160819b xxu||||| |||| 00| 0 eng d
100
_9
179
_a
Mannu
245
_a
Indian Scientists (Hindi)
260
_a
New Delhi
_b
Swastik Prakashan
_c
2011
999
_c
2837
_d
2837